[Event "NED-ch57"]
[Site "Leeuwarden"]
[Date "2002.06.25"]
[Round "5"]
[White "Sokolov, Ivan"]
[Black "Van den Doel, Erik"]
[Result "1/2-1/2"]
[WhiteElo "2647"]
[BlackElo "2583"]
[Annotator "Huzman,A"]
[PlyCount "75"]
[EventDate "2002.06.20"]
[EventType "tourn"]
[EventRounds "9"]
[EventCountry "NED"]
[EventCategory "13"]
[SourceTitle "CBM 090"]
[Source "ChessBase"]
[SourceDate "2002.09.20"]
[SourceVersion "1"]
[SourceVersionDate "2002.09.20"]
[SourceQuality "1"]

1. d4 d5 2. Nf3 e6 3. c4 dxc4 4. e3 c5 5. Bxc4 a6 6. O-O Nf6 7. a4 Nc6 8. Qe2
cxd4 9. Rd1 Be7 10. exd4 O-O 11. Nc3 Nd5 12. Bd2 Bf6 (12... Nb6 13. Bb3 Nxd4
14. Nxd4 Qxd4 15. a5 Nd7 16. Nd5 Bc5 17. Bb4 Qh4 18. Ra4 Bxb4 19. Rxb4 Qd8 20.
Nb6 Qe7 21. Rc4 Rb8 22. Rc7 Qb4 23. Bxe6 Nxb6 24. Bxf7+ Kh8 25. axb6 Bg4 26.
Qd2 Qxb6 $11 {1/2-1/2 Jansa,V-Banas,J/Novy Smokovec 1971/MCD (30)}) (12... Ncb4
13. Rac1 (13. Nxd5 exd5 14. Bb3 Re8 15. Re1 Nc6 16. Qd3 g6 17. Bg5 f6 18. Bf4
Bf5 19. Qd1 Qd7 $11 {0-1 Rodriguez Vargas,O-Ehlvest,J/Logrono 1991/EXT 97 (53)}
) 13... b6 (13... Bd7 14. Ne5 Rc8 15. b3 Be8 16. h3 Kh8 17. Nxd5 exd5 18. Bxb4
Bxb4 19. Bd3 f6 20. Ng4 Bh5 21. Qe6 Rxc1 22. Rxc1 Re8 $15 {1/2-1/2 Groszpeter,
A-Ricardi,P/Novi Sad 1990/TD (43)}) 14. Nxd5 (14. Ne5 Bb7 15. Ne4 (15. Bb3 Rc8
16. Nxd5 Nxd5 17. Rxc8 Qxc8 18. Rc1 Qd8 (18... Qa8 19. Bc2 Nf6 20. Bg5 Bxg2 21.
Bxf6 Bxf6 22. Nd7 Rd8 23. Nxf6+ gxf6 24. Qg4+ Kh8 25. Qh4 Kg7 26. Qg4+ Kh8 27.
Qh4 Kg7 {1/2-1/2 Kruppa,Y-Raetsky,A/Cappelle la Grande 1997/CBM 57 ext (27)})
19. Nc6 Bxc6 20. Rxc6 Nb4 21. Rc4 a5 22. Qe5 Bd6 23. Qe4 Qb8 24. h4 b5 25. Rc3
bxa4 26. Bxa4 Rd8 27. h5 $36 {1-0 Grabarczyk,M-Kachur,A/Polanica Zdroj 1999/
EXT 2000 (36)}) 15... Rc8 16. Qh5 Qe8 17. Bb3 f6 18. Qxe8 Rfxe8 19. Rxc8 Rxc8
20. Nc4 Rd8 21. f3 {1/2-1/2 Kharitonov,A-Raetsky,A/Moscow 1994/CBM 45 ext (21)}
) 14... Nxd5 15. Bd3 Qd6 16. Ne5 Bb7 17. Rc2 Nf6 18. Nc4 Qd5 19. Qf1 Rad8 20.
Be3 Qh5 21. Be2 Ng4 22. Bxg4 Qxg4 23. f3 Qf5 24. Rdc1 Bf6 25. Ne5 Bxe5 {
1/2-1/2 Vilela,J-Garcia Palermo,C/Cienfuegos 1983/MCD (25)}) (12... Re8 13.
Rac1 Bf6 14. Qe4 Ncb4 15. h4 Bd7 16. Ng5 Bxg5 17. Bxg5 f6 18. Bd2 Bc6 19. Qg4
f5 20. Qg3 Qb8 21. Qg5 Qd8 22. Qg3 Qb8 23. Qg5 Qd8 24. Qg3 {1/2-1/2 Lutz,
C-Lobron,E/Graz 1993/CBM 35 (24)}) (12... b6 13. Bb3 Ndb4 14. Ne4 Na5 (14...
Bb7 $5) 15. Bxb4 Nxb3 16. Bxe7 Qxe7 17. Ra3 Na5 18. Re3 Bb7 19. Nc3 Qd6 20. Ng5
h6 21. Nge4 Bxe4 22. Rxe4 $1 $16 {1-0 Speelman,J-Borge,N/Yerevan 1996/EXT 97 
(33)}) 13. Qe4 Ncb4 14. h4 Bd7 15. Bg5 (15. Nxd5 $6 exd5 16. Bxd5 Nxd5 17. Qxd5
Bc6 18. Qf5 (18. Qxd8 Raxd8 19. Bg5 Bxg5 20. Nxg5 (20. hxg5 Rfe8 $44) 20... Rd6
$11) 18... Qd5 $44) 15... Bc6 16. Qg4 {[%cal Gf3e5]} Bxg5 {Black decides to
neutralize the attacking potential of White by a series of exchanges.} 17. hxg5
(17. Nxg5 Nf6 18. Qe2 Bd5 $15) 17... Nxc3 18. bxc3 Bxf3 19. Qxf3 Nd5 {[%csl
Rc3][%cal Ya8c8,Yc8c3]} 20. Rab1 Rb8 21. Qg3 (21. Re1 Qxg5 22. Re5 Qg6 $15)
21... Rc8 (21... Qa5 22. Bxd5 exd5 23. Rb4 $11 {[%csl Rb7,Rc3]}) 22. Bxd5 Qxd5
$11 23. Rb4 Rc4 (23... Rfd8 24. Rdb1 Rd7 $11) 24. Rxc4 Qxc4 25. Rb1 Qxa4 (25...
b5 $11) 26. Rxb7 a5 (26... Qd1+ 27. Kh2 a5 28. Rb8 $11) 27. Qd3 g6 28. Ra7 Qa3
29. d5 exd5 (29... Qc1+ 30. Kh2 Qxg5 31. Rxa5 Rd8 32. c4 Qf4+ 33. Kg1 Qc1+ 34.
Kh2 Qe1 35. Ra2 exd5 (35... Qe5+ 36. Qg3 Qxg3+ 37. Kxg3 exd5 38. Rd2 $11) 36.
Qd4 $1 $11) 30. Qxd5 Qxc3 31. Qxa5 Qc1+ 32. Kh2 Qf4+ 33. Kg1 Qc1+ 34. Kh2 h6
35. gxh6 Qxh6+ 36. Kg3 Qc1 37. Qe5 Qc8 38. f3 1/2-1/2

[Event "Dos Hermanas-A"]
[Site "Dos Hermanas"]
[Date "2003.03.31"]
[Round "4"]
[White "Illescas Cordoba, Miguel"]
[Black "Karjakin, Sergey"]
[Result "1/2-1/2"]
[WhiteElo "2595"]
[BlackElo "2547"]
[Annotator "Huzman,A"]
[PlyCount "83"]
[EventDate "2003.03.28"]
[EventType "tourn"]
[EventRounds "9"]
[EventCountry "ESP"]
[EventCategory "16"]
[SourceTitle "CBM 095"]
[Source "ChessBase"]
[SourceDate "2003.07.25"]
[SourceVersion "1"]
[SourceVersionDate "2003.07.25"]
[SourceQuality "1"]

1. d4 d5 2. Nf3 Nf6 3. c4 dxc4 4. e3 e6 5. Bxc4 a6 6. O-O c5 7. Bb3 b5 8. a4 b4
9. Nbd2 Bb7 10. e4 Be7 11. e5 Nfd7 12. Nc4 O-O 13. Bc2 (13. Nd6 Bxd6 14. exd6
cxd4 15. Bg5 $6 Bxf3 16. Qxf3 Qxg5 17. Qxa8 Nc5 18. Qf3 Nbd7 $44 {1/2-1/2
Dreev,A-Ponomariov,R/Panormo 2001/CBM 84 ext (27)}) (13. Qe2 cxd4 14. Nxd4 Nc5
15. Rd1 Nxb3 16. Nxb3 Nd7 17. Bf4 Bd5 18. Rac1 Rc8 $15 {.. 1/2-1/2 Khurtsidze,
N-Korbut,E/Budva 2002/EXT 2003 (57)}) 13... Nc6 (13... cxd4 $1 14. Nxd4 $1 (14.
Bf4 Bd5 15. Qxd4 b3 16. Bxb3 Nc6 17. Qe3 Nc5 18. Rfd1 Qb8 19. Ba2 Nb4 20. Nd6
Nxa2 21. Qxc5 Qxb2 22. Bd2 $16 {1-0 Sasikiran,K-Ganguly,S/Mumbai 2003/CBM
94_01 (52)}) 14... Bd5 (14... Qc7 15. Qd3 g6 16. Bf4 Nc6 17. Nf3 Rfd8 (17...
Nc5 18. Qe3 b3 19. Bxb3 Nxb3 20. Qxb3 Rab8 21. Rfc1 Na5 22. Nxa5 Qxa5 $44 {
1/2-1/2 Gleizerov,E-Blauert,J/Calcutta 2002/CBM 88/[Huzman] (37)}) 18. Qe3 Na5
19. Nxa5 Qxa5 20. Ng5 Qc5 21. Qe2 Bxg5 22. Bxg5 Rdc8 23. Bb3 Qxe5 $17 {1/2-1/2
Ernst,S-Krush,I/Bermuda 2002/CBM 88 (71)}) 15. Ne3 $1 Nxe5 16. Qh5 Ng6 17. Nxd5
Qxd5 18. Qxd5 exd5 19. Bb3 $44 {1-0,Dautov,R-Gurevich,D/FIDE-WCh Moscow/2001/ 
(25)}) 14. Qd3 (14. dxc5 $6 Nxc5 15. Nd6 b3 $1 16. Bb1 Qc7 17. Be3 $2 Nxe5 18.
Nxb7 $8 Nxf3+ 19. Qxf3 Qxb7 20. Qxb7 Nxb7 21. Be4 Rab8 {[%cal Yb7c5,Yb7d6]} 22.
Ba7 Nc5 $1 $15 {[%mdl 512] 0-1 Dreev,A-Ponomariov,R/Yerevan 2001/CBM 86/[Stohl]
(62)}) 14... g6 15. Bh6 Re8 16. dxc5 (16. Nd6 Bxd6 17. exd6 cxd4 18. Nxd4 Nce5
19. Qg3 Qb8 20. Rad1 $44 {[%csl Gc2,Rf6,Rg5,Rg7,Gh6] White's dominance in the
centre and full control over the much weakened dark squares more than makes up
for the inevitable loss of the "d" pawn.}) 16... Nxc5 17. Qxd8 (17. Qe3 Na5 $5
(17... b3 18. Rad1 $1 $16) 18. Nd6 $5 $44) 17... Raxd8 18. b3 (18. Be3 b3 19.
Bd1 Nb4 20. Nfd2 (20. Bxc5 Bxc5 21. Bxb3 Bxf3 22. gxf3 Rd3 $44) 20... Bd5 21.
Bxc5 Bxc5 22. Bxb3 Bd4 23. Rad1 Nc6 $44) 18... f6 $1 {A strong move that
neutralizes White's space advantage and activates each and every black
chessman.} 19. exf6 Bxf6 20. Rad1 Nd4 $1 21. Nxd4 Bxd4 22. Bd2 (22. Bg5 Rd7 23.
Bd2 Be4 $1 24. Bxe4 Nxe4 25. Be3 Red8 $15 {[%csl Rb3]}) 22... Be4 $1 23. Bxe4
Nxe4 $15 24. Be3 Bxe3 25. fxe3 Nc3 26. Rxd8 Rxd8 27. g4 $1 {This move provides
White with a counterplay sufficient for a draw.} (27. Rf6 $2 Ne4 $17 28. Rxe6
$140 $4 Rd1#) 27... Kg7 28. g5 Rd5 (28... Ne4 29. h4 Nc5 30. Ne5 Rd5 31. Nc6
Rd3 32. Rf4 $1 Rxb3 (32... Rxe3 33. Rxb4 Rxb3 34. Rc4 Nd3 35. Rd4 $132) 33.
Rxb4 Rxe3 34. Rc4 Nd7 (34... Ne4 35. Nb8 $132) 35. Nb4 a5 36. Rc7 $11) 29. h4
Ne4 30. Rf4 Nc5 31. Nb6 $1 (31. Na5 Nd3 32. Rd4 $11) 31... Rd1+ 32. Kg2 Rd3 33.
Rxb4 Rxe3 34. Rc4 $11 Rxb3 35. Nc8 $1 Nd3 36. Rc7+ Kg8 37. Nd6 Nf4+ 38. Kf2 Nd5
39. Ra7 Rb6 40. Ra8+ Kg7 41. Ra7+ Kg8 42. Ra8+ 1/2-1/2

[Event "CUB-ch"]
[Site "Holguin"]
[Date "2002.04.14"]
[Round "13"]
[White "Almeida Quintana, Omar"]
[Black "Borges Matos, Juan R"]
[Result "1-0"]
[WhiteElo "2473"]
[BlackElo "2438"]
[Annotator "Huzman,A"]
[PlyCount "69"]
[EventDate "2002.03.31"]
[EventType "tourn"]
[EventRounds "17"]
[EventCountry "CUB"]
[EventCategory "9"]
[SourceTitle "CBM 089"]
[Source "ChessBase"]
[SourceDate "2002.08.12"]
[SourceVersion "1"]
[SourceVersionDate "2002.08.12"]
[SourceQuality "1"]

1. d4 d5 2. c4 dxc4 3. Nf3 Nf6 4. e3 a6 5. Bxc4 e6 6. O-O c5 7. Bb3 b5 8. a4 b4
9. Nbd2 Bb7 10. e4 cxd4 11. e5 Nfd7 12. Nc4 Nc6 13. Bg5 Qc7 14. Rc1 {This
variant looks very dangerous for Black and this game is not an exclusion.} h6
$2 (14... Nc5 15. Ba2 Ne4 16. Bh4 g5 17. Bb1 (17. Bxg5 Nxg5 18. Nxg5 O-O-O 19.
Qh5 $16 {1-0 Bareev,E-Timman,J/Sarajevo 1999/CBM 71/[Huzman] (41)}) 17... d3
18. Bxd3 Rd8 19. Bxg5 Nxg5 20. Nxg5 Nxe5 21. Qh5 Ng6 22. Nxe6 Qc6 23. Be4 Qxe4
24. Nc7+ Kd7 25. Nb6+ Ke7 26. Rfe1 $18 {1-0 Tregubov,P-Brynell,S/Rowy 1999/EXT
2002 (31)}) (14... Bc5 15. Nxd4 (15. Re1 h6 16. Bh4 O-O 17. Qd3 (17. Bg3 Rfd8
18. Bc2 Nf8 19. Qd3 Rac8 20. Bb1 Be7 21. Bf4 Rd5 22. h4 Qd8 23. Rcd1 Na5 24.
Nfd2 Nxc4 25. Nxc4 a5 $15 {1/2-1/2 Korotylev,A-Svetushkin,D/Kiev 2000/CBM 77 
(50)}) 17... Rfc8 18. Bg3 Nf8 19. Nfd2 Na5 20. Nd6 Rd8 21. Rc2 Qb6 22. Rec1
Bxd6 23. exd6 Rac8 24. Rc7 $44 {0-1 Gershon,A-Svetushkin,D/Yerevan 1999/CBM 72
ext (68)}) 15... Ndxe5 (15... O-O 16. Nxc6 Bxc6 (16... Qxc6 17. Qg4 Qe4 18. Qh3
h6 19. Bh4 g5 20. Na5 gxh4 21. Nxb7 Qxb7 22. Qg4+ Kh8 23. Qxh4 Kg7 24. Qg4+ Kh8
25. Qh5 Kg7 26. Rc4 Rg8 27. Rg4+ Kf8 28. Bxe6 Rg6 29. Bxd7 Qxd7 30. Rxg6 fxg6
31. Qf3+ {1-0 Farago,I-Krivec,J/Nova Gorica SLO 2002/ (31)}) 17. Qg4 Kh8 18.
Qg3 Bd5 19. Nd6 Bxb3 20. Qxb3 Qa7 21. Be7 Nxe5 22. Nxf7+ Rxf7 23. Bxc5 $18 {
1-0 Zhukova,N-Danielian,E/Istanbul 2000/EXT 2001 (41)}) 16. Nxe5 Qxe5 17. Nf3
Qd6 18. Qc2 Ba7 19. Rfd1 Qc7 20. Qe4 O-O 21. Bf4 Qb6 22. Be3 Qa5 23. Ng5 Qf5
24. Qxf5 exf5 25. Bxa7 Rxa7 26. Nxf7 $18 {1-0 Topalov,V-Lautier,J/Monte Carlo
1997/CBM 57 ext (31)}) 15. Bf4 {[%cal Gc4d6]} Nc5 16. Re1 Rd8 (16... Nxb3 17.
Qxb3 Rd8 18. Nd6+ Bxd6 19. exd6 Qa5 20. Rxe6+ $1 fxe6 21. Qxe6+ Kf8 22. d7 $18)
17. Nd6+ Bxd6 18. exd6 Qb6 19. Nxd4 $16 Nxb3 $2 (19... O-O 20. Nxc6 Qxc6 21.
Qg4 Kh7 22. Qg3 $16) 20. Nxb3 Ne7 (20... O-O 21. Be3 $18) 21. dxe7 $5 (21. Qg4
$1 Ng6 (21... h5 22. Qg5 $18) (21... Rxd6 22. Bxd6 Qxd6 23. Nc5 Bd5 24. Qxb4
$18) 22. Rxe6+ fxe6 23. Qxg6+ Kf8 24. Be5 Rd7 25. Nc5 $18) 21... Rxd1 22. Rexd1
e5 (22... Bd5 23. Rc7 $44 (23. Rxd5 $140 $2 exd5 24. Rc8+ Kxe7 25. Rxh8 Qf6 26.
Bc1 Qc6 $19)) 23. Bxe5 (23. Rd8+ Kxe7 24. Rxh8 exf4 (24... Bd5 25. Bxe5 Bxb3
26. Bxg7 $18) 25. Rb8 $18) (23. Be3 Qg6 24. f3 Bxf3 25. Rc8+ Kxe7 26. Bc5+ $18)
23... Qg6 24. f3 Bxf3 25. Rd2 Qe4 26. Bd4 Bg4 27. Bc5 $18 Bd7 28. Rcd1 Qc6 29.
Rxd7 Qxd7 30. Rxd7 Kxd7 31. Bxb4 Ra8 32. a5 Ke8 33. Nd4 g6 34. Bc5 Kd7 35. b4
1-0

[Event "Poikovsky Karpov 03rd"]
[Site "Poikovsky"]
[Date "2002.04.20"]
[Round "5"]
[White "Sokolov, Ivan"]
[Black "Rublevsky, Sergei"]
[Result "1/2-1/2"]
[WhiteElo "2647"]
[BlackElo "2657"]
[Annotator "Huzman,A"]
[PlyCount "69"]
[EventDate "2002.04.16"]
[EventType "tourn"]
[EventRounds "9"]
[EventCountry "RUS"]
[EventCategory "16"]
[SourceTitle "CBM 089"]
[Source "ChessBase"]
[SourceDate "2002.08.12"]
[SourceVersion "1"]
[SourceVersionDate "2002.08.12"]
[SourceQuality "1"]

1. d4 d5 2. Nf3 e6 3. c4 dxc4 4. e3 c5 5. Bxc4 a6 6. O-O Nf6 7. a4 Nc6 8. Qe2
Qc7 9. Nc3 Bd6 10. Bd2 O-O 11. Rac1 b6 12. Bd3 (12. h3 Bb7 13. Rfd1 h6 14. Ba2
Rac8 15. dxc5 bxc5 $5 16. e4 Rfd8 17. Be3 Bf4 18. Rxd8+ Rxd8 19. e5 Bxe5 20.
Bxc5 Nd4 $15 {0-1 Rodriguez,O-De La Villa,J/Spain tch 1994 (42)}) 12... Bb7 13.
Ne4 (13. h3 Rfd8 14. dxc5 Bxc5 15. Ne4 Nxe4 16. Bxe4 Qe7 17. Bc3 Nb4 {1/2-1/2
Cvitan,O-Mikhalchishin,A/Zenica 1989/EXT 97 (17)}) (13. dxc5 Bxc5 14. Ne4 Nxe4
15. Bxe4 Qe7 16. Bc3 a5 17. Rfd1 Rfd8 18. Rxd8+ Rxd8 19. Rd1 Rxd1+ 20. Qxd1 {
1/2-1/2 Shurygin,S-Estrada Nieto,J/Budapest 1995/EXT 97 (20)}) 13... Nxe4 14.
Bxe4 Qe7 15. Rfd1 (15. dxc5 bxc5 (15... Bxc5 16. Bc3 h6 (16... Rac8 17. Rfd1
Rfd8 18. Rxd8+ $5 Rxd8 19. Nd2 $14) 17. Rfd1 Rfd8 18. Nd2 $14) 16. Bc3 $14)
15... Rac8 16. dxc5 Bxc5 17. h3 Rfd8 18. Bc3 h6 19. Nd2 Nb4 {This position
looks completely equal but Black has to play very accurately to neutralize the
pressure of white's bishops. I felt this very much in my game against Gelfand.}
(19... a5 20. Nc4 f5 $6 (20... Ba6 $142 $14 {Gelfand}) 21. Rxd8+ Rxd8 22. Bf3
$16 {1-0 Gelfand,B-Huzman,A/Tel Aviv 1999/CBM 71/[Gelfand] (39)}) (19... Bb4
20. Nc4 (20. g3 Bxc3 21. Rxc3 Qb4 $132) 20... Qc7 $1 21. Rxd8+ Rxd8 22. Qc2
Bxc3 23. Qxc3 b5 24. axb5 axb5 25. Nd2 Qe5 $1 26. Qxe5 Nxe5 27. Bxb7 Rxd2 $11)
20. Bxb7 Qxb7 21. Qg4 f5 22. Qc4 (22. Qg6 Qf7 23. Qxf7+ Kxf7 $11 {[%cal Yb4a2]}
) 22... Nd5 (22... Qd7 $5 23. Bxb4 Bxb4 24. Qxb4 Rxc1 25. Rxc1 Qxd2 26. Qc4 Rd6
$11) 23. Qb3 {[%cal Gd2c4]} b5 24. Nf3 $14 {[%csl Re6,Rf5]} Qb6 25. Bd4 Bxd4
26. Rxc8 (26. Nxd4 $5 bxa4 27. Qxa4 Rxc1 28. Rxc1 Qxb2 29. Qc6 Rd6 30. Qe8+ Kh7
31. Rc8 $40) 26... Rxc8 27. Nxd4 bxa4 28. Qxa4 (28. Qxb6 $2 Nxb6 29. Nxe6 Rc2
$17) 28... Rd8 29. Qc4 Nc7 30. Rc1 Nd5 31. Qc6 ({Black has to solve very
difficult problems after} 31. Qa2 $1 {[%cal Gc1c6]} f4 (31... Rb8 32. Rc6 Qxb2
33. Qxb2 (33. Qxa6 Kh7 $1 34. Qc4 Rb4 $132) 33... Rxb2 34. Rxa6 (34. Rxe6 f4
35. e4 Nc3 36. e5 Ne2+ $11) 34... f4 $1 35. e4 $1 (35. Rxe6 fxe3 36. fxe3 Kf7
37. Re5 Nc3 $14) 35... e5 36. Ra8+ Kf7 (36... Kh7 37. exd5 exd4 38. Ra4 $1 Rb1+
(38... Kg6 39. Rxd4 Kf5 40. d6 Rb8 41. d7 Rd8 42. Kf1 Ke6 43. Ke2 Rxd7 44. Rxd7
Kxd7 45. Kf3 $18) 39. Kh2 Kg6 40. Rxd4 Kf5 41. d6 Rb8 42. d7 Rd8 43. h4 Ke5 44.
Rd2 Ke6 45. h5 Rxd7 46. Rxd7 Kxd7 47. Kh3 Ke6 48. Kg4 Ke5 49. f3 Ke6 50. Kxf4
Kf6 $18) 37. Nc6 Nc3 38. Nxe5+ Kf6 39. Ng4+ $16 (39. Nd3 Rb1+ 40. Kh2 Nxe4 41.
Rf8+ Ke7 42. Rxf4 Nf6 $16)) 32. Rc6 Qb4 33. Nc2 Qe4 34. Rc4 Qg6 35. Qxa6 (35.
exf4 Rf8 $132) 35... f3 36. g4 (36. Ne1 Qb1) 36... Kh8 37. Rc8 $16) 31... Rd6
32. Qe8+ Kh7 33. Rc8 {[%tqu "En","Find a nice tactical resource for Black.","",
"","d5e3","",10]} Nxe3 $1 {[%mdl 64]} 34. fxe3 Rxd4 $1 35. exd4 1/2-1/2

[Event "RUS-chT 09th Group2"]
[Site "Ekaterinburg"]
[Date "2002.05.17"]
[Round "1"]
[White "Potapov, Alexander"]
[Black "Sorokin, Maxim"]
[Result "0-1"]
[WhiteElo "2498"]
[BlackElo "2531"]
[Annotator "Huzman,A"]
[PlyCount "58"]
[EventDate "2002.05.17"]
[EventType "team-tourn"]
[EventRounds "7"]
[EventCountry "RUS"]
[SourceTitle "CBM 090"]
[Source "ChessBase"]
[SourceDate "2002.09.20"]
[SourceVersion "1"]
[SourceVersionDate "2002.09.20"]
[SourceQuality "1"]
[WhiteTeam "Surgut Yugra"]
[BlackTeam "Nizhny Tagil Politekhnik"]
[WhiteTeamCountry "RUS"]
[BlackTeamCountry "RUS"]

1. d4 d5 2. c4 dxc4 3. Nf3 e6 4. e3 c5 5. Bxc4 a6 6. Bb3 Nf6 7. O-O b5 8. a4 b4
9. e4 cxd4 (9... Nxe4 10. d5 Be7 11. Bf4 Bb7 12. dxe6 fxe6 13. Qe2 O-O 14. Bg3
Bd5 15. Bxd5 exd5 16. Nbd2 Nxd2 17. Qxd2 Nc6 $17 {0-1 Mikhalevski,V-Van den
Doel,E/Dieren 1999/CBM 71 ext (31)}) 10. e5 Ne4 11. Qxd4 (11. Nxd4 Bb7 (11...
Nc5 12. Bc4 Bb7 13. a5 Qc7 14. Nd2 Qxe5 15. N2f3 Qd6 16. Bd2 Be7 17. Bxb4 Nc6
18. Nxc6 Qxc6 19. Rc1 Rc8 20. Be2 Qa4 21. Qxa4+ Nxa4 22. Rxc8+ Bxc8 23. Rc1 $18
{1-0 Harikrishna,P-Krush,I/Hastings ENG 2002/The Week in Chess 374 (29) Huzman.
}) 12. Be3 Nd7 (12... Nc5 13. Bc2 Qd5 14. Nf3 Nbd7 {1/2-1/2 Sherbakov,
R-Skripchenko,A/Open, Groningen NED 1998 (14)}) 13. f4 (13. Nd2 Nxd2 14. Qxd2
Nxe5 (14... Qa5 15. f4 (15. Rfd1 $1 {Huzman} Rd8 16. Bg5 $16) 15... Nc5 16. Bc4
g6 17. f5 $5 gxf5 18. Nxf5 Rg8 $1 19. Ng3 Rd8 $6 20. Qf2 Rd7 21. Rad1 $36 {
1/2-1/2 Khalifman,A-Lautier,J/Tallinn 2002/CBM 87/[Huzman] (61)}) 15. Bg5 Be7
16. Bxe7 Qxe7 17. Rfe1 Qd6 18. Rad1 Ng4 19. g3 O-O-O 20. Qg5 Kb8 21. Nxe6 Qc6
22. Rxd8+ Rxd8 23. Qxd8+ Ka7 24. Qd4+ Kb8 25. f3 {1-0 Yanvarev,I-Mesropov,K/
Moscow 1992}) 13... Bc5 14. Nd2 Ndf6 15. Nxe4 Nxe4 16. f5 Bxd4 17. Bxd4 Bd5 18.
Be3 O-O 19. Bxd5 Qxd5 20. Qxd5 exd5 21. Rfd1 Rad8 22. Rd4 $16 {1/2-1/2
Erikalov,A-Logunov,M/Novokuznetsk 1999/EXT 2001 (39)}) (11. a5 Nc5 12. Bg5 Be7
13. Bxe7 Qxe7 14. Nxd4 Bb7 (14... Nxb3 $5 {Huzman/Pelletier} 15. Qxb3 Bb7 16.
Nd2 O-O $15) 15. Ba4+ $6 Nxa4 16. Qxa4+ Nd7 17. Nd2 O-O 18. N4f3 Rac8 $15 19.
Rfe1 Bc6 20. Qb3 Bd5 21. Qe3 Rc2 $15 {1-0 Pelletier,Y-Sadvakasov,D/Istanbul
2000/EXT 2001/[Huzman/Pelletier] (72)}) 11... Qxd4 12. Nxd4 Bb7 13. Nd2 (13.
Bc2 Nd7 14. Bf4 (14. f3 $2 Bc5 15. Be3 Nxe5 $1 16. Bxe4 Bxe4 17. fxe4 Ng4 18.
Rc1 Ba7 $19) 14... Bc5 15. Nb3 Ba7 $15) 13... Nc5 14. Nc4 $4 {[%mdl 8192]} (14.
Bc2 Nc6 (14... Nbd7 15. Nc4 Rc8 16. Be3 Bd5 $15) 15. Nxc6 Bxc6 16. Nc4 $11)
14... Nc6 $19 15. Nxc6 Nxb3 16. N6a5 Bd5 $1 17. Rb1 Be4 18. Nxb3 Bxb1 19. Nb6
Rb8 20. Be3 Bc2 21. Na5 (21. Nd4 Rxb6 22. Nxc2 Rc6 $19) 21... f6 22. f4 (22.
Nc6 Rb7 23. Rc1 b3 $19) 22... Rd8 23. Nc6 Rd1 $1 24. Rxd1 Bxd1 25. Bd4 fxe5 26.
fxe5 Bc2 27. Nb8 Bd3 28. Nc8 Kd8 29. Nd6 Kc7 0-1

[Event "FIDE-Wch k.o."]
[Site "Las Vegas"]
[Date "1999.07.31"]
[Round "1.1"]
[White "Kasimdzhanov, Rustam"]
[Black "Bauer, Christian"]
[Result "1/2-1/2"]
[WhiteElo "2603"]
[BlackElo "2480"]
[Annotator "Huzman,A"]
[PlyCount "81"]
[EventDate "1999.07.31"]
[EventType "k.o."]
[EventRounds "7"]
[EventCountry "USA"]
[SourceTitle "CBM 072"]
[Source "ChessBase"]
[SourceDate "1999.10.01"]
[SourceVersion "1"]
[SourceVersionDate "1999.10.01"]
[SourceQuality "1"]

1. d4 Nf6 2. c4 e6 3. Nf3 d5 4. Nc3 dxc4 5. e3 a6 6. a4 c5 7. Bxc4 Nc6 8. O-O
Be7 9. Qe2 O-O 10. dxc5 Qc7 11. Bd3 (11. e4 $6 Ng4) 11... Nb4 (11... Bxc5 12.
Ne4 Be7 (12... Nxe4 13. Bxe4 $14) 13. Bd2 $14) 12. Bb1 Qxc5 (12... Bxc5 13. e4
e5 14. Bg5 $14) 13. e4 e5 14. a5 (14. Be3 Qa5 15. Rd1 Be6 $15) 14... Bg4 (14...
Nc6 $5 15. Rd1 (15. Be3 Nd4 16. Bxd4 exd4 17. Nd5 Nxd5 18. exd5 Bf6 $11) 15...
Bg4 16. Be3 Nd4 17. Bxd4 exd4 18. Nd5 Nxd5 19. exd5 g6 $11) 15. Be3 Qc8 (15...
Qd6 16. Rd1 Qe6 $11) 16. h3 Bh5 17. Ra4 Qe6 18. Re1 Rac8 $11 19. Bg5 Rfd8 20.
Bh4 Qd6 (20... Nc6 21. Ba2 (21. Bxf6 Qxf6 22. Nd5 Qd6 $15) 21... Qd7 22. Qe3
Bxf3 23. Qxf3 Nd4 $11) 21. g4 Bg6 22. Bg3 Nd7 23. Rd1 (23. Nh4 Qe6 (23... Bxh4
24. Bxh4 f6 25. Qd1 Qxd1 26. Rxd1 $14) 24. Nf5 Bxf5 25. exf5 Qh6 26. Be4 b5 27.
axb6 Nxb6 $15) 23... Qc6 $5 (23... Qc5 24. Nh4 Bxh4 (24... Nf8 25. Nf5 Rxd1+
26. Qxd1 Bxf5 27. exf5 Rd8 28. Qe2 Nc6 29. Ba2 $14) 25. Bxh4 f6 $11) 24. Nxe5
Nxe5 25. Rxd8+ (25. Bxe5 Bc5 $44) 25... Rxd8 26. Bxe5 Bc5 $44 {[%csl Ra4,Rg1]}
27. Bf4 b5 28. axb6 (28. Ra1 Qd7 29. Be3 Bxe3 30. Qxe3 Qd2 $44) 28... Qxb6 29.
Kg2 (29. Be3 Bxe3 30. Qxe3 Qxe3 31. fxe3 Rb8 $11) 29... h6 30. Ra1 (30. Na2 $5
Nxa2 31. Rxa2 a5 $44) 30... Bd4 31. Ra3 Qc6 32. Be3 Be5 33. Rb3 a5 34. Ra3 Qc7
35. Qb5 Rb8 $1 36. Qxa5 Qxa5 37. Rxa5 Bxc3 $11 38. Bf4 (38. bxc3 Nc6 39. Ra1 (
39. Rc5 Rxb1 40. Rxc6 Bxe4+ $19) 39... Rxb1 $19) 38... Nc6 39. Rc5 Rxb2 40.
Rxc6 Bd4 41. Bd3 1/2-1/2

[Event "FIDE-Wch k.o."]
[Site "Las Vegas"]
[Date "1999.08.01"]
[Round "1.2"]
[White "Hoffman, Alejandro"]
[Black "Tkachiev, Vladislav"]
[Result "0-1"]
[WhiteElo "2524"]
[BlackElo "2648"]
[Annotator "Huzman,A"]
[PlyCount "80"]
[EventDate "1999.07.31"]
[EventType "k.o."]
[EventRounds "7"]
[EventCountry "USA"]
[SourceTitle "CBM 072"]
[Source "ChessBase"]
[SourceDate "1999.10.01"]
[SourceVersion "1"]
[SourceVersionDate "1999.10.01"]
[SourceQuality "1"]

1. d4 d5 2. c4 dxc4 3. Nf3 Nf6 4. e3 e6 5. Bxc4 c5 6. O-O a6 7. Bb3 Nc6 8. Nc3
Be7 9. Re1 $2 O-O 10. a3 b5 11. d5 $2 (11. dxc5 $142 Bxc5 12. Qe2 $11) 11...
exd5 12. Nxd5 c4 $17 13. Nxe7+ Qxe7 14. Bc2 Bg4 15. Bd2 Rad8 16. Qe2 Ne4 17.
Bxe4 Qxe4 18. Bc3 a5 $1 19. Nd2 Bxe2 20. Nxe4 Bd3 21. Nc5 b4 22. axb4 axb4 23.
Bd4 (23. Bd2 Bg6 24. Re2 Rd5 25. Nb7 Rb8 $19) 23... Nxd4 24. exd4 Bc2 (24...
Rxd4 25. Ra4 Rd5 26. Nxd3 cxd3 27. Rxb4 d2 28. Rd1 Re5 $1 $19) 25. Re2 Bg6 26.
f3 (26. Rd1 c3 27. bxc3 bxc3 28. Nb3 Rfe8 29. Rxe8+ Rxe8 30. Rc1 c2 31. d5 Rb8
32. Re1 f6 33. Nc1 Rd8 $19) 26... Rxd4 $19 27. Kf2 h5 28. Rc1 Rc8 29. Nb3 Rd5
30. Nd2 Bd3 31. Re7 Ra5 $1 {[%cal Ya5a2]} 32. Rd7 Raa8 33. Rd4 b3 $1 34. Ne4
Re8 35. Nc3 Re5 36. Re1 Rxe1 37. Kxe1 Ra1+ 38. Kf2 (38. Kd2 Rg1 $19) 38... h4
39. Rxh4 Ra2 $1 40. Nd1 Bc2 0-1